000 00474nam a22001457a 4500
999 _c18041
_d18041
003 OSt
005 20230327151633.0
008 230327b ||||| |||| 00| 0 eng d
040 _c0
082 _aDPer 370.15 J826 January - February 2020 v112 no. 1-2
245 _aJournal of educational psychology /
260 _aWashington,
_bAmerican Psychological Association,
_cJanuary- February 2020.
300 _avarious paging:
_bcolor illustrations;
_c30 cm.
942 _2ddc
_cPER